Beneficios y costos de la integración económica centroamericana/

Estudia los efectos del Mercado Común Centroamericano, sobre las economías de los países miembros, desde 1968 a 1973. Analiza la distribución entre los cinco países de las ganancias netas de la integración y si el retiro de Honduras del MCCA ha sido beneficioso o no a ese país. Utiliza una metodolog...

Szczegółowa specyfikacja

Zapisane w:
Opis bibliograficzny
1. autor: Cline, William R.
Kolejni autorzy: Delgado, Enrique
Format: Texto
Wydane: Guatemala: SIECA
Hasła przedmiotowe:
Etykiety: Dodaj etykietę
Nie ma etykietki, Dołącz pierwszą etykiete!

MARC

LEADER 00000 a a2200000 04500
001 19567
003
040
090 |a 077701  
100 1 |a Cline, William R.  
245 |a Beneficios y costos de la integración económica centroamericana/  |c William R. Cline  
260 |a Guatemala:   |b SIECA  
300 |a v.1  
520 |a Estudia los efectos del Mercado Común Centroamericano, sobre las economías de los países miembros, desde 1968 a 1973. Analiza la distribución entre los cinco países de las ganancias netas de la integración y si el retiro de Honduras del MCCA ha sido beneficioso o no a ese país. Utiliza una metodología cuantitativa que permite estimar los costos y beneficios del proceso de integración, traducidos en términos de economía del bienestar para el conjunto regional y para cada país miembro. /ALLV  
650 |a INTEGRACION ECONOMICA  
650 |a MCCA  
700 |a Delgado, Enrique  
999 |c 14178  |d 14178